000 00627nam a2200193Ia 4500
999 _c53154
_d53154
003 GCL
005 20240530105110.0
008 140319s9999 xx 000 0 ara d
040 _aGCL /
_cGCL
082 0 4 _a241
_bع ا
100 1 _aعبدالسلام محمد بدوى
245 1 0 _aالاسماء الحسنى: تجليات وادعية /
_cعبدالسلام محمد بدوى
260 _a[S.N] :
_bلجنة الاعلام والدراسات المستقبلية ،
_c1993
300 _a372 ص
650 0 4 _aالاسلام
650 0 4 _aالاسماء الحسنى
650 0 4 _aالاذكار
942 _2ddc
_cBK